| 000 | 07289nam a2201033 4500 | ||
|---|---|---|---|
| 001 | 9783110754216 | ||
| 003 | DE-B1597 | ||
| 005 | 20260416115154.0 | ||
| 006 | m|||||o||d|||||||| | ||
| 007 | cr || |||||||| | ||
| 008 | 260303s2022 gw fo d z eng d | ||
| 020 | _a9783110754216 | ||
| 024 | 7 |
_a10.1515/9783110754216 _2doi |
|
| 035 | _a(DE-B1597)585237 | ||
| 035 | _z(OCoLC)1312726680 | ||
| 040 |
_aDE-B1597 _beng _cDE-B1597 _erda |
||
| 041 | 0 | _aeng | |
| 044 |
_agw _cDE |
||
| 072 | 7 |
_aMAT _x000000 _2bisacsh |
|
| 072 | 7 |
_aMAT _x002000 _2bisacsh |
|
| 072 | 7 |
_aMAT _x008000 _2bisacsh |
|
| 072 | 7 |
_aMAT _x022000 _2bisacsh |
|
| 072 | 7 |
_aMAT _x036000 _2bisacsh |
|
| 245 | 0 | 0 |
_aNumber Theory and Combinatorics : _bA Collection in Honor of the Mathematics of Ronald Graham / _cBruce M. Landman, Florian Luca, Melvyn B. Nathanson, Jaroslav Nešetřil, Aaron Robertson. |
| 264 | 1 |
_aBerlin _aBoston _bDe Gruyter, _c[2022] |
|
| 264 | 4 | _c©2022 | |
| 300 | _a1 online resource (VIII, 362 p.) | ||
| 336 |
_atext _btxt _2rdacontent |
||
| 337 |
_acomputer _bc _2rdamedia |
||
| 338 |
_aonline resource _bcr _2rdacarrier |
||
| 347 |
_atext file _bPDF _2rda |
||
| 490 | 0 |
_aDe Gruyter Proceedings in Mathematics , _x2942-4801 ; |
|
| 505 | 0 | 0 |
_tFrontmatter -- _tForeword -- _tContents -- _tMultivariate difference Gončarov polynomials _r / Ayomikun Adeniran, Lauren Snider, Catherine Yan -- _tOn an inequality in a 1970 paper of R. L. Graham _r / J.-P. Allouche -- _tArithmetic progressions in sumsets of sparse sets _r / Noga Alon, Ryan Alweiss, Yang P. Liu, Anders Martinsson, Shyam Narayanan -- _tMultidimensional Padé approximation of binomial functions: equalities _r / Michael A. Bennett, Greg Martin, Kevin O'Bryant -- _tGraphical enumeration and stained glass windows, 1: rectangular grids _r / Lars Blomberg, S. R. Shannon, N. J. A. Sloane -- _tTwo extensions of Hilbert's cube lemma _r / Tom C Brown, Shahram Mohsenipour -- _tThe Gallai-Ramsey number for a tree versus complete graphs _r / Mark Budden -- _tOn Levine's notorious hat puzzle _r / Joe Buhler, Chris Freiling, Ron Graham, Jonathan Kariv, James R Roche, Mark Tiefenbruck, Clint Van Alten, Dmytro Yeroshkin -- _tRecurrence ranks and moment sequences _r / Joshua Cooper, Grant Fickes -- _tOn weak twins and up-and-down subpermutations _r / Andrzej Dudek, Jarosław Grytczuk, Andrzej Ruciński -- _tDistance graphs and arithmetic progressions _r / Sohail Farhangi, Jarosław Grytczuk -- _tConsecutive primes which are widely digitally delicate _r / Michael Filaseta, Jacob Juillerat -- _tSpanning trees and domination in hypercubes _r / Jerrold R Griggs -- _tRook domination on hexagonal hexagon boards _r / Heiko Harborth, Hauke Nienborg -- _tStrongly image partition regular matrices _r / Neil Hindman, Dona Strauss -- _tIntroducing shift-constrained Rado numbers _r / Brian Hopkins -- _tMertens' prime product formula, dissected _r / Jared Duker Lichtman -- _tCurious convergent series of integers with missing digits _r / Melvyn B. Nathanson -- _tA note on Carmichael numbers in residue classes _r / Carl Pomerance -- _tTilted corners in integer grids _r / I. D. Shkredov, J. Solymosi -- _tRemembrances _r / Noga Alon, Tom C. Brown, Steve Butler, Jerrold R. Griggs, Neil Hindman, Veselin Jungic, Bruce M. Landman, Jaroslav Nešetřil -- _tA selected bibliography of Ron Graham _r / Steve Butler |
| 506 | 0 |
_arestricted access _uhttp://purl.org/coar/access_right/c_16ec _fonline access with authorization _2star |
|
| 520 | _aOver a career that spanned 60 years, Ronald L. Graham (known to all as Ron) made significant contributions to the fields of discrete mathematics, number theory, Ramsey theory, computational geometry, juggling and magical mathematics, and many more. Ron also was a mentor to generations of mathematicians, he gave countless talks and helped bring mathematics to a wider audience, and he held signifi cant leadership roles in the mathematical community. This volume is dedicated to the life and memory of Ron Graham, and includes 20-articles by leading scientists across a broad range of subjects that refl ect some of the many areas in which Ron worked. | ||
| 530 | _aIssued also in print. | ||
| 532 | 8 | _aThe accessibility of this resources in unknown or unassessed. | |
| 538 | _aMode of access: Internet via World Wide Web. | ||
| 545 | _aB. M. Landman, Augusta U.; F. Luca, U.Witwatersrand; M. B. Nathanson, CUNY; J. Nešetril, Charles U.; A. Robertson, Colgate U. | ||
| 546 | _aIn English. | ||
| 588 | 0 | _aDescription based on online resource; title from PDF title page (publisher's Web site, viewed March 03 2026) | |
| 650 | 7 |
_aMATHEMATICS / General. _2bisacsh |
|
| 650 | 7 |
_aMATHEMATICS / Algebra / General. _2bisacsh |
|
| 650 | 7 |
_aMATHEMATICS / Discrete Mathematics. _2bisacsh |
|
| 650 | 7 |
_aMATHEMATICS / Number Theory. _2bisacsh |
|
| 650 | 7 |
_aMATHEMATICS / Combinatorics. _2bisacsh |
|
| 653 | 0 | _aMathematik | |
| 653 | 0 | _aKombinatorik | |
| 653 | 0 | _aDiskrete Mathematik | |
| 700 | 1 |
_aLandman, Bruce M., _eeditor. |
|
| 700 | 1 |
_aLuca, Florian, _eeditor. |
|
| 700 | 1 |
_aNathanson, Melvyn B., _eeditor. |
|
| 700 | 1 |
_aNešetřil, Jaroslav, _eeditor. |
|
| 700 | 1 |
_aRobertson, Aaron, _eeditor. |
|
| 773 | 0 | 8 |
_iTitle is part of eBook package: _dDe Gruyter _tDG Plus DeG Package 2022 Part 1 _z9783110766820 _oZDB-23-23 |
| 773 | 0 | 8 |
_iTitle is part of eBook package: _dDe Gruyter _teBook Package Mathematics 2022 / eBook-Paket Mathematik 2022 _z9783110770445 _oZDB-23-DMA |
| 773 | 0 | 8 |
_iTitle is part of eBook package: _dDe Gruyter _teBook Package Mathematics 2022 English / eBook-Paket Mathematik 2022 Englisch _z9783110993868 _o978-3-11-099386-8 EBOOK PACKAGE Mathematics 2022 English |
| 773 | 0 | 8 |
_iTitle is part of eBook package: _dDe Gruyter _teBook Package Complete 2022 English / eBook-Paket Gesamt 2022 Englisch _z9783110993899 _o978-3-11-099389-9 EBOOK PACKAGE COMPLETE 2022 English |
| 773 | 0 | 8 |
_iTitle is part of eBook package: _dDe Gruyter _teBook Package Complete 2022 / eBook-Paket Gesamt 2022 _z9783110994810 _oZDB-23-DGG |
| 773 | 0 | 8 |
_iTitle is part of eBook package: _dDe Gruyter _tEBOOK PACKAGE Mathematics 2022 DGB - ALL LANG _z9783112211687 _oZDB-23-92 |
| 773 | 0 | 8 |
_iTitle is part of eBook package: _dDe Gruyter _tEBOOK PACKAGE Mathematics 2022 DGB - ENG _z9783112211755 _oZDB-23-91 |
| 776 | 0 |
_cEPUB _z9783110754261 |
|
| 776 | 0 |
_cprint _z9783110753431 |
|
| 856 | 4 | 0 | _uhttps://www.degruyterbrill.com/isbn/9783110754216 |
| 856 | 4 | 2 |
_3Cover _uhttps://www.degruyterbrill.com/document/cover/isbn/9783110754216/original |
| 912 |
_aZDB-23-23 _b2022 |
||
| 912 |
_aZDB-23-DMA _b2022 |
||
| 912 |
_a978-3-11-099386-8 EBOOK PACKAGE Mathematics 2022 English _b2022 |
||
| 912 |
_a978-3-11-099389-9 EBOOK PACKAGE COMPLETE 2022 English _b2022 |
||
| 912 |
_aZDB-23-DGG _b2022 |
||
| 912 |
_aZDB-23-92 _b2022 |
||
| 912 |
_aZDB-23-91 _b2022 |
||
| 912 | _aEBA_BACKALL | ||
| 912 | _aEBA_CL_MTPY | ||
| 912 | _aEBA_DGALL | ||
| 912 | _aEBA_EBACKALL | ||
| 912 | _aEBA_EBKALL | ||
| 912 | _aEBA_EBKALL2 | ||
| 912 | _aEBA_ECL_MTPY | ||
| 912 | _aEBA_EEBKALL | ||
| 912 | _aEBA_EEBKALL2 | ||
| 912 | _aEBA_ESTMALL | ||
| 912 | _aEBA_ESTMALL2 | ||
| 912 | _aEBA_EXCL | ||
| 912 | _aEBA_STMALL | ||
| 912 | _aEBA_STMALL2 | ||
| 912 | _aGBV-deGruyter-alles | ||
| 942 | _cE-BOOK | ||
| 999 |
_c49571 _d49571 |
||